00356 2200145 4500001002100000005001500021035002000036245005500056100002000111300001100131260003400142082000800176084001400184990001200198INLIS00000000000233420250528101001 a0010-05250006261 aBudidaya Salak Pondoh /cDrs. Harsoyo Purnomo,M.Si0 aHarsoyo Purnomo a74 hlm aSemarang :bAneka Ilmu,c2000 a600 a600 HAR b a0712336